Normal view MARC view

Entry Personal Name

Number of records used in: 10

001 - CONTROL NUMBER

  • control field: 1237362

003 - CONTROL NUMBER IDENTIFIER

  • control field: OSt

005 - DATE AND TIME OF LATEST TRANSACTION

  • control field: 20260430150406.0

008 - FIXED-LENGTH DATA ELEMENTS

  • fixed length control field: 260430|| aca||aabn | a|a d

040 ## - CATALOGING SOURCE

  • Original cataloging agency: OSt
  • Transcribing agency: OSt

100 ## - HEADING--PERSONAL NAME

  • Personal name: University of Delhi. Faculty of Science. Deptt. of Environment Studies

670 ## - SOURCE DATA FOUND

  • Source citation: Work cat.: (OSt)1849671: Archana Au.; Mishra Vandana Gu. 1237361, Effluent-Adapted Microbial Consortia and Algal Biocathode Microbial Fuel Cells for Enhanced Textile Wastewater Remediation and Power Generation, 2023
Copyright @ Delhi University Library System